Hillary Rodham người đàn bà quyền lực A Woman in Charge
Salvato in:
| Altri autori: | , , , |
|---|---|
| Natura: | Libro |
| Pubblicazione: |
Hà Nội
Công an nhân dân
2008
|
| Soggetti: | |
| Tags: |
Aggiungi Tag
Nessun Tag, puoi essere il primo ad aggiungerne! !
|
| Thư viện lưu trữ: | Trung tâm Học liệu Lê Vũ Hùng, Trường Đại học Đồng Tháp |
|---|
| LEADER | 00944pam a22002778a 4500 | ||
|---|---|---|---|
| 001 | 00041217 | ||
| 005 | 20180405150410.0 | ||
| 008 | 110608s1997 ||||||Viesd | ||
| 020 | # | # | |c 155000 |
| 041 | 0 | # | |a Vie |
| 082 | 1 | 4 | |a 327.730 092 |b H309R |
| 245 | 0 | 0 | |c Carl Bernstein; Nguyễn Văn Quang(dịch) Phạm Ngọc Thạch...[Và Những người khác] |a Hillary Rodham người đàn bà quyền lực A Woman in Charge |
| 260 | # | # | |a Hà Nội |b Công an nhân dân |c 2008 |
| 300 | # | # | |c 24cm. |a 759 tr |
| 653 | # | # | |a Mỹ |
| 653 | # | # | |a Chính trị |
| 653 | # | # | |a Ngoại giao |
| 653 | # | # | |a hoạt động |
| 653 | # | # | |a Tiểu sử |
| 700 | 1 | # | |a Bernstein, Carl |
| 700 | 1 | # | |a Nguyễn, Văn Quang |e dịch |
| 700 | 1 | # | |a Phạm, Ngọc Thạch |
| 700 | 1 | # | |a Sơn Nam |
| 852 | # | # | |j KD.0023367 |
| 910 | |d 05/04/2018 | ||
| 980 | # | # | |a Trung tâm Học liệu Lê Vũ Hùng, Trường Đại học Đồng Tháp |